ბათუმის შოთა რუსთაველის სახელმწიფო უნივერსიტეტის ბიბლიოთეკა

Искусство Востока и античности : (ბიბ.ჩანაწერი № 61175)

000 -LEADER
fixed length control field 00716nam a22001577a 4500
005 - DATE AND TIME OF LATEST TRANSACTION
control field 20231227113733.0
008 - FIXED-LENGTH DATA ELEMENTS--GENERAL INFORMATION
fixed length control field 231227s1977 ru ||||| |||| 00| 0 rus d
041 ## - LANGUAGE CODE
Language code of text/sound track or separate title rus
080 ## - UNIVERSAL DECIMAL CLASSIFICATION NUMBER
Universal Decimal Classification number 7.031(32) И-36
245 ## - TITLE STATEMENT
Title Искусство Востока и античности :
Remainder of title Сборник статей /
Statement of responsibility, etc. Акад. наук СССР. Институт востоковедения.
264 ## - PRODUCTION, PUBLICATION, DISTRIBUTION, MANUFACTURE, AND COPYRIGHT NOTICE
Place of production, publication, distribution, manufacture М.:
Name of producer, publisher, distributor, manufacturer Наука,
Date of production, publication, distribution, manufacture, or copyright notice 1977.
300 ## - PHYSICAL DESCRIPTION
Extent 168 с.:
Other physical details ил.;
Dimensions 22 см.
653 ## - INDEX TERM--UNCONTROLLED
keyword აღმოსავლეთის ხელოვნება და ანტიკურობა
710 ## - ADDED ENTRY--CORPORATE NAME
Corporate name or jurisdiction name as entry element Акад. наук СССР.
Date of meeting or treaty signing Институт востоковедения
9 (RLIN) 20912
942 ## - ADDED ENTRY ELEMENTS (KOHA)
Source of classification or shelving scheme
Koha item type წიგნი
ეგზემპლარები
Withdrawn status Lost status Source of classification or shelving scheme Damaged status Not for loan Permanent Location Current Location Shelving location Date acquired Cost, normal purchase price Full call number Barcode Date last seen Copy number Uniform Resource Identifier Price effective from Koha item type Public note
          ბათუმის შოთა რუსთაველის სახელმწიფო უნივერსიტეტის მთავარი ბიბლიოთეკა ბათუმის შოთა რუსთაველის სახელმწიფო უნივერსიტეტის მთავარი ბიბლიოთეკა წიგნსაცავი 2023-12-27 4.00 7.031(32) И-36 65690 2023-12-27 65690 ბსუ-ს საპატიო დოქტორის გურამ ლორთქიფანიძის საჩუქარი 2023-12-27 წიგნი 4 ლ.